Statistics for Top World Languages by Number of Countries

Click here to take the quiz!

General Stats

  • This quiz has been taken 140 times
  • The average score is 6 of 6

Answer Stats

#Language% Correct
54English
100%
29French
98%
20Spanish
98%
9Portuguese
95%
24Arabic
89%
6German
84%

Score Distribution

Percentile by Number Answered

Percent of People with Each Score

Your Score History

You have not taken this quiz